Đánh giá độc tính của một số kim loại nặng lên loài giáp xác Daphnia Magna và đề xuất biện pháp quản lý nhằm giảm thiểu khả năng phát thải : Luận văn Thạc sĩ - Chuyên ngành: Quản lý Tài nguyên và Môi trường

Đã lưu trong:
書目詳細資料
Những tác giả chính:  Đánh giá độc tính của một số kim loại nặng lên loài giáp xác Daphnia Magna và đề xuất biện pháp quản lý nhằm giảm thiểu khả năng phát thải : Luận văn Thạc sĩ - Chuyên ngành: Quản lý Tài nguyên và Môi trường,  Huỳnh, Thị Giàu
格式: Luận văn
語言:Undetermined
出版:  Đại học Công nghiệp TP. Hồ Chí Minh  2023
主題:
標簽: 添加標簽
沒有標簽, 成為第一個標記此記錄!
Thư viện lưu trữ: Trung tâm Thư viện - Trường Đại học Công nghiệp TP. Hồ Chí Minh
LEADER 01110nam a2200157Ia 4500
001 UIH_08517
008 241002s9999 xx 000 0 und d
082 |a  628 
100 |a  Đánh giá độc tính của một số kim loại nặng lên loài giáp xác Daphnia Magna và đề xuất biện pháp quản lý nhằm giảm thiểu khả năng phát thải : Luận văn Thạc sĩ - Chuyên ngành: Quản lý Tài nguyên và Môi trường 
100 |a  Huỳnh, Thị Giàu 
245 0 |a  Đánh giá độc tính của một số kim loại nặng lên loài giáp xác Daphnia Magna và đề xuất biện pháp quản lý nhằm giảm thiểu khả năng phát thải : Luận văn Thạc sĩ - Chuyên ngành: Quản lý Tài nguyên và Môi trường 
260 |b  Đại học Công nghiệp TP. Hồ Chí Minh 
260 |c  2023 
650 |a Quản lý môi trường 
927 |a Luận văn 
980 |a Trung tâm Thư viện - Trường Đại học Công nghiệp TP. Hồ Chí Minh